Saints and swingers: (Record no. 3477)

000 -LEADER
fixed length control field 00573nam a2200181 a 4500
001 - CONTROL NUMBER
control field :::00001208$&:&@@
003 - CONTROL NUMBER IDENTIFIER
control field OkBaRHE
005 - DATE AND TIME OF LATEST TRANSACTION
control field 20000607103242.0
008 - FIXED-LENGTH DATA ELEMENTS--GENERAL INFORMATION
fixed length control field s1971 j 000 0 eng u
040 ## - CATALOGING SOURCE
Transcribing agency
100 1# - MAIN ENTRY--PERSONAL NAME
Personal name Barker, William Pierson.
245 10 - TITLE STATEMENT
Title Saints and swingers:
Remainder of title the under-thirties in the Bible.
260 ## - PUBLICATION, DISTRIBUTION, ETC. (IMPRINT)
Place of publication, distribution, etc Old Tappan, NJ., :
Name of publisher, distributor, etc Fleming H. Revell Co.
Date of publication, distribution, etc c1971
300 ## - PHYSICAL DESCRIPTION
Extent 160 p. ;
Dimensions 22 cm.
650 ## - SUBJECT ADDED ENTRY--TOPICAL TERM
Topical term or geographic name as entry element Bible
General subdivision Biography
942 ## - ADDED ENTRY ELEMENTS (KOHA)
Source of classification or shelving scheme
Koha item type Books
Copies
Price effective from Date acquired Shelving location Withdrawn status Barcode Full call number Damaged status Not for loan Koha item type Source of classification or shelving scheme Date last seen Permanent Location Lost status Copy number
2010-04-142010-04-14General Stacks 1208BS 571 .B34  Books 2010-04-14RHEMA Bible Training College 1